Introduction to tensor calculus, relativity, and cosmology / (Record no. 8499)

MARC details
000 -LEADER
fixed length control field 00956cam a2200277 a 4500
001 - CONTROL NUMBER
control field 12934667
003 - CONTROL NUMBER IDENTIFIER
control field OSt
005 - DATE AND TIME OF LATEST TRANSACTION
control field 20240614162839.0
008 - FIXED-LENGTH DATA ELEMENTS--GENERAL INFORMATION
fixed length control field 020918r20021982nyua b 001 0 eng
010 ## - LIBRARY OF CONGRESS CONTROL NUMBER
LC control number 2002033353
020 ## - INTERNATIONAL STANDARD BOOK NUMBER
International Standard Book Number 0486425401
040 ## - CATALOGING SOURCE
Original cataloging agency DDC
Transcribing agency MUST
082 00 - DEWEY DECIMAL CLASSIFICATION NUMBER
Classification number 515.63 LAW 1975
Edition number 22
100 1# - MAIN ENTRY--PERSONAL NAME
Personal name Lawden, D. F.
9 (RLIN) 17259
245 10 - TITLE STATEMENT
Title Introduction to tensor calculus, relativity, and cosmology /
Statement of responsibility, etc. D.F. Lawden.
250 ## - EDITION STATEMENT
Edition statement 3rd ed.
260 ## - PUBLICATION, DISTRIBUTION, ETC. (IMPRINT)
Place of publication, distribution, etc. Mineola, N.Y. :
Name of publisher, distributor, etc. Dover Publications,
Date of publication, distribution, etc. C1982
300 ## - PHYSICAL DESCRIPTION
Extent xiii, 205 p. :
Other physical details ill. ;
Dimensions 24 cm.
500 ## - GENERAL NOTE
General note Originally published: 3rd ed. Chichester [Sussex] ; New York : Wiley, c1982.
504 ## - BIBLIOGRAPHY, ETC. NOTE
Bibliography, etc Includes bibliographical references and indexes
650 #0 - SUBJECT ADDED ENTRY--TOPICAL TERM
Topical term or geographic name as entry element Relativity (Physics)
9 (RLIN) 8007
650 #0 - SUBJECT ADDED ENTRY--TOPICAL TERM
Topical term or geographic name as entry element Calculus of tensors.
9 (RLIN) 718
650 #0 - SUBJECT ADDED ENTRY--TOPICAL TERM
Topical term or geographic name as entry element Cosmology.
9 (RLIN) 3606
856 42 - ELECTRONIC LOCATION AND ACCESS
Materials specified Publisher description
Uniform Resource Identifier <a href="http://www.loc.gov/catdir/description/dover032/2002033353.html">http://www.loc.gov/catdir/description/dover032/2002033353.html</a>
942 ## - ADDED ENTRY ELEMENTS (KOHA)
Source of classification or shelving scheme Dewey Decimal Classification
Koha item type Open Shelf
Holdings
Withdrawn status Lost status Source of classification or shelving scheme Damaged status Not for loan Home library Current library Date acquired Source of acquisition Inventory number Total Checkouts Full call number Barcode Date last seen Price effective from Koha item type
    Dewey Decimal Classification     MUST Main Library MUST Main Library 14/06/2024 Purchase 05/24543   515.63 LAW 1975 2024-20575 14/06/2024 14/06/2024 Open Shelf